|
|
|
|
| LEADER |
00000nab a2200000 4500 |
| 001 |
vtls012029645 |
| 003 |
SK-MaSNL |
| 005 |
20260303100603.0 |
| 008 |
210503|2014 xo |||| ||an ||00 0|slo |
| 015 |
|
|
|a SNBRB2021/05
|
| 040 |
|
|
|a SPKCL
|b slo
|e rda
|
| 041 |
|
|
|a eng
|b slo
|b eng
|
| 044 |
|
|
|a xo
|c SK
|
| 072 |
|
7 |
|a 316
|x Sociológia
|2 konspekt
|
| 080 |
|
|
|a 316.628:37
|2 2011
|
| 100 |
1 |
|
|a Kruszewska, Aleksandra
|4 aut
|9 1111445
|
| 245 |
1 |
0 |
|a Vzdelávacie a profesionálne ašpirácie študentov učiteľstva
|c Aleksandra Kruszewska
|
| 300 |
|
|
|b Tabuľky
|
| 336 |
|
|
|a text
|b txt
|2 rdacontent
|
| 337 |
|
|
|a bez média
|b n
|2 rdamedia
|
| 338 |
|
|
|a zväzok
|b nc
|2 rdacarrier
|
| 504 |
|
|
|a Obsahuje bibliografiu
|
| 546 |
|
|
|a Anglické a slovenské resumé
|
| 650 |
0 |
7 |
|a ašpirácie
|2 SNKPH
|9 71660
|
| 650 |
0 |
7 |
|a študenti učiteľstva
|2 snkbucl
|9 827217
|
| 650 |
0 |
7 |
|a vzdelávanie učiteľov
|2 SNKPH
|9 4031
|
| 655 |
|
7 |
|a BZB
|2 SNKPH
|9 1080216
|
| 773 |
0 |
|
|t História, súčasnosť a perspektívy vzdelávania na Pedagogickej fakulte Prešovskej univerzity v Prešove : zborník príspevkov z vedeckej konferencie s medzinárodnou účasťou organizovanej Pedagogickou fakultou PU pri príležitosti 65. výročia založenia Pedagogickej fakulty v Prešove
|d Prešov : Prešovská univerzita, 2014
|g S. 282-290
|h online
|z 978-80-555-1237-2
|
| 856 |
4 |
1 |
|u //www.unipo.sk/public/media/20164/Historia-sucasnost-a-perspektivy-vzdelavania-2014.pdf
|
| 958 |
|
|
|a NB
|
| 999 |
|
|
|c 1833713
|d 1835643
|